Datum a čas kvízu
36
Celkem bodů
Celkový počet nahraných bodů na tomto kvízu bez doplňovacích otázek.
3.
Pořadí na kvízu
Konečné umístění týmu na tomto kvízu.
Zaznamenané odpovědi
| # | Otázka | Odpověď | Body | Výsledky |
|---|---|---|---|---|
| 1. | Minulý týden prezident podepsa... | atentát na Heydricha, odchod okupačních vojsk | 0.5 | |
| 2. | V Saúdské Arábii byla ve střed... | havarijní pojištění | 0 | |
| 3. | Ve čtvrtek vstoupil do českých... | Vyšehrad: Fylm | 1 | |
| 4. | Vítězem prestižních anket Svět... | Hyundai Ioniq (5) | 1 | |
| 5. | Bývalá světová tenisová jednič... | Kim Clijstersová | 1 | |
| 6. | V dalším díle této tematické s... | (aloe) vera | 1 | |
| 7. | Damani jsou malí savci obývají... | A) slon | 1 | |
| 8. | Tento živočich je typickou koč... | serval | 1 | |
| 9. | Tato rostlina je významná hlav... | kadidlo | 1 | |
| 10. | Africké národní parky patří k... | A) v Tanzánii | 1 |